Truyện ngắn chọn lọc; T2

Sách giới thiệu 60 truyện ngắn chọn lọc của Nguyễn Công Hoan như Cái lò gạch, Anh xẩm, Thằng ăn cướp, Con ngựa già, Tôi tự tử,....

שמור ב:
מידע ביבליוגרפי
מחבר ראשי: Nguyễn, Công Hoan
פורמט: ספר
שפה:Undetermined
יצא לאור: Hà Nội Hội Nhà Văn 1999
נושאים:
תגים: הוספת תג
אין תגיות, היה/י הראשונ/ה לתייג את הרשומה!
Thư viện lưu trữ: Trung tâm Học liệu Trường Đại học Cần Thơ
LEADER 00833nam a2200217Ia 4500
001 CTU_46550
008 210402s9999 xx 000 0 und d
020 |c 43000 
082 |a 895.922331 
082 |b H406/T.2 
100 |a Nguyễn, Công Hoan 
245 0 |a Truyện ngắn chọn lọc; T2 
245 0 |c Nguyễn Công Hoan; Biên soạn: Lê Minh 
260 |a Hà Nội 
260 |b Hội Nhà Văn 
260 |c 1999 
520 |a Sách giới thiệu 60 truyện ngắn chọn lọc của Nguyễn Công Hoan như Cái lò gạch, Anh xẩm, Thằng ăn cướp, Con ngựa già, Tôi tự tử,.... 
650 |a Short stories, vietnamese,Vietnamese literature 
650 |y 20th century 
904 |i Minh 
980 |a Trung tâm Học liệu Trường Đại học Cần Thơ